Prueba de Kirguistán - Estadísticas

Estadísticas generales
  • Esta prueba ha sido intentada 881 veces
  • La puntuación promedio es 7 de 17
Estadísticas de respuestas
Pista Respuesta % Correcto
El único país limítrofe cuyo nombre no termina con “stan” China
94%
El segundo idioma más hablado, después del kirguís Ruso
87%
País del que Kirguistán obtuvo su independencia en 1991 Unión Soviética
83%
Capital de Kirguistán Biskek
73%
Kirguistán está más lejos del ____ que cualquier otro país. Mar
73%
Metal que comprende el 43% de las exportaciones de Kirguistán Oro
66%
Revolución de 2005 que llevó al derrocamiento del Presidente Askar Akayev (pista: una flor) Revolución de los {Tulipanes}
38%
Ilegal, pero todavía se practica la forma de obtener una novia, conocido como "Ala kachuu" Secuestro
34%
"Ulak tartysh" es el deporte en el que los jugadores a caballo intentan colocar este tipo de animal en una portería Cabra (o un ternero a veces)
31%
El tipo de vivienda portátil que se representa en la bandera Yurta
28%
Cordillera que cubre el este de Kirguistán {Tian} Shan
23%
El segundo grupo étnico más grande, aproximadamente el 14,7% de la población Uzbeko
23%
Moneda de Kirguistán Som
16%
La segunda ciudad más grande (pista: 3 letras) Osh
15%
Gran lago que se encuentra enteramente en Kirguistán {Issyk}-Kul
12%
La región de Arslanbob contiene el mayor bosque de este tipo de nuez Nogal
9%
Poema épico que cuenta la formación del pueblo kirguís, que se cree que tiene más de 1.000 años y es 20 veces más largo que la Odisea de Homero Manas
7%
No se encontraron pruebas coincidentes
Distribución de puntuación
Porcentaje de gente con cada puntuación
Porcentaje por número respondido
Historial de tus puntuaciones
No has intentado esta prueba.